000 00368nam a2200145Ia 4500
999 _c14182
_d14182
003 OSt
005 20260326131952.0
008 260210s9999 xx 000 0 und d
020 _a9783869224916
100 _aWolfgang Sonne
245 0 _aUrbanity And Density In The 20Th-Century Urban Design
260 _bDOM Publishers
300 _a360 pages
942 _cBPLAN
_2ddc